Online
Catalog

Ensayos históricos / (Record no. 8012)

MARC details
000 -CABECERA
campo de control de longitud fija 01292cam a2200265 a 4500
001 - NÚMERO DE CONTROL
campo de control 000008241
005 - FECHA Y HORA DE LA ÚLTIMA TRANSACCIÓN
campo de control 20200929161322.0
008 - DATOS DE LONGITUD FIJA--INFORMACIÓN GENERAL
campo de control de longitud fija 770310s1974 cu b f000 e spa
040 ## - FUENTE DE LA CATALOGACIÓN
Centro catalogador/agencia de origen DO-SdBNP
Centro/agencia transcriptor DLC
Centro/agencia modificador DLC
082 ## - NÚMERO DE LA CLASIFICACIÓN DECIMAL DEWEY
Número de clasificación Cu864.4
Número de documento/Ítem F825e
100 1# - ENTRADA PRINCIPAL--NOMBRE DE PERSONA
Nombre de persona Franco, José Luciano,
Fechas asociadas al nombre 1891-1989
9 (RLIN) 9643
245 10 - MENCIÓN DE TÍTULO
Título Ensayos históricos /
Mención de responsabilidad, etc. José Luciano Franco ; prólogo de Julio Le Riverend, edición de Jorge Pérez.
260 ## - PUBLICACIÓN, DISTRIBUCIÓN, ETC.
Lugar de publicación, distribución, etc. La Habana :
Nombre del editor, distribuidor, etc. Editorial de Ciencias Sociales,
Fecha de publicación, distribución, etc. 1974.
300 ## - DESCRIPCIÓN FÍSICA
Extensión 230 p. ;
Dimensiones 18 cm.
490 1# - MENCIÓN DE SERIE
Mención de serie Nuestra historia
504 ## - NOTA DE BIBLIOGRAFÍA, ETC.
Nota de bibliografía, etc. Incluye referencias bibliográficas
505 0# - NOTA DE CONTENIDO CON FORMATO
Nota de contenido con formato Esquemas de los movimientos populares de liberación nacional, 1511-1868.--Piratas, corsarios, filibusteros y contrabandistas, siglos XVIII y XIX.--La conspiración de Morales.--Comercio clandestino de esclavos en el siglo XIX.--La conspiración de Aponte, 1812.--La conjura de los negreros.--La Revolución Cubana en la prensa norteamericana.--Riesgos y desventuras tricontinentales de José Maceo.
650 #4 - PUNTO DE ACCESO ADICIONAL DE MATERIA--TÉRMINO DE MATERIA
Término de materia o nombre geográfico como elemento de entrada Ensayos cubanos
9 (RLIN) 5691
650 #4 - PUNTO DE ACCESO ADICIONAL DE MATERIA--TÉRMINO DE MATERIA
Término de materia o nombre geográfico como elemento de entrada Literatura cubana
9 (RLIN) 1483
651 #4 - PUNTO DE ACCESO ADICIONAL DE MATERIA--NOMBRE GEOGRÁFICO
Nombre geográfico Cuba
Subdivisión general Historia
9 (RLIN) 493
700 1# - PUNTO DE ACCESO ADICIONAL--NOMBRE DE PERSONA
Nombre de persona Pérez, Jorge,
Término indicativo de función/relación ed.
9 (RLIN) 22354
700 1# - PUNTO DE ACCESO ADICIONAL--NOMBRE DE PERSONA
Nombre de persona Riverend, Julio Le,
Término indicativo de función/relación prol.
9 (RLIN) 22355
830 #0 - PUNTO DE ACCESO ADICIONAL DE SERIE-TÍTULO UNIFORME
Título uniforme Nuestra historia
9 (RLIN) 22356
910 ## - DATOS DE OPCIÓN DEL USUARIO (OCLC)
Datos de opción del usuario Catalogación por copia / LC
Holdings
Estado de retiro Estado de pérdida Restricciones de uso No para préstamo Código de colección Localización permanente Ubicación/localización actual Ubicación en estantería Fecha de adquisición Número de inventario Total de préstamos Signatura topográfica completa Código de barras Fecha visto por última vez Precio válido a partir de Tipo de ítem Koha
    Préstamo interno   Monografías: Libros y Folletos General General En catalogación 15.09.2009 LF1   Cu864.4 F825e 8241-10 25.06.2020 25.06.2020 Préstamo interno

Powered by Koha